[Event "Vecindario Montalvo Memorial 16th"]
[Site "Vecindario"]
[Date "2024.03.28"]
[Round "6"]
[White "Hernandez Leon, Alberto"]
[Black "Strikovic, Aleksa"]
[Result "1-0"]
[WhiteElo "2207"]
[BlackElo "2430"]
[PlyCount "33"]
[EventDate "2024.03.23"]
[EventType "swiss"]
[EventRounds "9"]
[EventCountry "ESP"]
[SourceTitle "CB15_2024"]
[SourceDate "2024.04.10"]
[SourceVersion "1"]
[SourceVersionDate "2024.04.10"]
[SourceQuality "1"]

1. d4 f5 2. Bg5 g6 3. Nc3 Bg7 4. Nf3 Nf6 5. e3 c6 6. Qd2 Ne4 7. Nxe4 fxe4 8. Ng1 d5 9. f3 exf3 10. Nxf3 Bf5 11. Bd3 0-0 12. Bxf5 Rxf5 13. Qb4 Qc8 14. Qxe7 Na6 15. Qa3 Rxg5 16. Nxg5 Qg4 17. Qe7 1-0

[Event "Vecindario Montalvo Memorial 16th"]
[Site "Vecindario"]
[Date "2024.03.25"]
[Round "3"]
[White "Lianes Garcia, Marcos"]
[Black "Hernandez Leon, Alberto"]
[Result "1-0"]
[WhiteElo "2398"]
[BlackElo "2207"]
[PlyCount "79"]
[EventDate "2024.03.23"]
[EventType "swiss"]
[EventRounds "9"]
[EventCountry "ESP"]
[SourceTitle "CB15_2024"]
[SourceDate "2024.04.10"]
[SourceVersion "1"]
[SourceVersionDate "2024.04.10"]
[SourceQuality "1"]

1. d4 d5 2. Nf3 Nf6 3. g3 e6 4. Bg2 Be7 5. 0-0 0-0 6. c4 dxc4 7. Qc2 b5 8. a4 b4 9. Ne5 Qxd4 10. Bxa8 Qxe5 11. Bf4 Qc5 12. Bf3 Nd5 13. Nd2 Nxf4 14. gxf4 Ba6 15. Rac1 Nc6 16. Bxc6 Qxc6 17. Nxc4 Bb7 18. f3 Qc5+ 19. Kh1 Bf6 20. Ne5 Qd4 21. Qxc7 Ba6 22. Nd7 Bxe2 23. Nxf8 Qd3 24. Qc2 Bxf3+ 25. Rxf3 Qxf3+ 26. Qg2 Qxg2+ 27. Kxg2 Kxf8 28. Rc8+ Ke7 29. Rc7+ Kd6 30. Rxa7 Bxb2 31. Rb7 Kc5 32. a5 Bd4 33. Kf3 Kc4 34. Ke2 b3 35. Kd1 Kc3 36. Kc1 Be3+ 37. Kb1 Bxf4 38. a6 Be3 39. Rxf7 e5 40. Rf3 1-0

[Event "Las Palmas San Mateo CC op 1st"]
[Site "Las Palmas"]
[Date "2023.12.08"]
[Round "7"]
[White "Rivero Reyes, Alejandro"]
[Black "Hernandez Leon, Alberto"]
[Result "0-1"]
[WhiteElo "1689"]
[BlackElo "2209"]
[PlyCount "42"]
[EventDate "2023.12.04"]
[EventType "swiss"]
[EventRounds "9"]
[EventCountry "ESP"]
[SourceTitle "CB50_2023"]
[SourceDate "2023.12.13"]
[SourceVersion "1"]
[SourceVersionDate "2023.12.13"]
[SourceQuality "1"]

1. e4 c5 2. Nf3 d6 3. d4 cxd4 4. Nxd4 e5 5. Bb5+ Bd7 6. Bxd7+ Qxd7 7. Nf5 Nf6 8. Nc3 Nxe4 9. Nxe4 Qxf5 10. Nxd6+ Bxd6 11. Qxd6 Nc6 12. Be3 Qxc2 13. 0-0 Rd8 14. Qa3 Qd3 15. b3 f6 16. g3 Kf7 17. Rfd1 Qe2 18. Rd6 h5 19. h4 Kg6 20. Rad1 Nd4 21. R1xd4 exd4 0-1

[Event "Las Palmas San Mateo CC op 1st"]
[Site "Las Palmas"]
[Date "2023.12.06"]
[Round "5"]
[White "Yao, Stefano"]
[Black "Hernandez Leon, Alberto"]
[Result "1/2-1/2"]
[WhiteElo "2288"]
[BlackElo "2209"]
[PlyCount "92"]
[EventDate "2023.12.04"]
[EventType "swiss"]
[EventRounds "9"]
[EventCountry "ESP"]
[SourceTitle "CB50_2023"]
[SourceDate "2023.12.13"]
[SourceVersion "1"]
[SourceVersionDate "2023.12.13"]
[SourceQuality "1"]

1. Nf3 Nf6 2. c4 e6 3. d4 d5 4. Nc3 c6 5. g3 dxc4 6. Bg2 b5 7. Ne5 Qb6 8. 0-0 Bb7 9. a4 a6 10. e4 Bb4 11. Be3 Qd8 12. Qe2 0-0 13. Rad1 Qa5 14. Qc2 Rd8 15. Bg5 Nbd7 16. Nxd7 Rxd7 17. Bxf6 gxf6 18. e5 Bxc3 19. bxc3 fxe5 20. Qc1 exd4 21. Qg5+ Kh8 22. Qe5+ Kg8 23. cxd4 Qc7 24. Qg5+ Kh8 25. Qf6+ Kg8 26. Rfe1 Qd8 27. Qe5 Rd5 28. Qf4 Rg5 29. h4 Rg7 30. Re5 Qb8 31. h5 c3 32. h6 Rg6 33. Be4 f5 34. Bc2 Kh8 35. Bb3 Qd6 36. Qe3 c5 37. Qxc3 cxd4 38. Rxd4 Qc6 39. Qxc6 Bxc6 40. Rxe6 bxa4 41. Rxg6 hxg6 42. Bxa4 Bxa4 43. Rxa4 Kh7 44. Ra5 Kxh6 45. Kg2 Kg5 46. Kf3 Kf6 1/2-1/2

[Event "Las Palmas San Mateo CC op 1st"]
[Site "Las Palmas"]
[Date "2023.12.04"]
[Round "1"]
[White "Roca Marrero, Fernando"]
[Black "Hernandez Leon, Alberto"]
[Result "0-1"]
[WhiteElo "1504"]
[BlackElo "2209"]
[PlyCount "66"]
[EventDate "2023.12.04"]
[EventType "swiss"]
[EventRounds "9"]
[EventCountry "ESP"]
[SourceTitle "CB50_2023"]
[SourceDate "2023.12.13"]
[SourceVersion "1"]
[SourceVersionDate "2023.12.13"]
[SourceQuality "1"]

1. d4 c5 2. c3 Nf6 3. Bf4 Qb6 4. Qc2 cxd4 5. cxd4 Nc6 6. e3 d5 7. a3 Bf5 8. Qc1 Na5 9. Nd2 Rc8 10. Qd1 Qxb2 11. Ne2 e6 12. e4 Nxe4 13. Nxe4 Bxe4 14. Rc1 Bc2 15. Qd2 Nb3 16. Qe3 Bxa3 17. f3 Nxc1 18. Nxc1 Qxc1+ 19. Qxc1 Bxc1 20. Bb5+ Kd8 21. Bxc1 Ba4 22. Bg5+ f6 23. Bxa4 fxg5 24. 0-0 Rc4 25. Bb5 Rxd4 26. Re1 Ke7 27. Rc1 Kd6 28. Kf2 Rb4 29. Bf1 g4 30. Rc3 Rf8 31. Kg3 gxf3 32. Rxf3 Rxf3+ 33. Kxf3 a5 0-1

[Event "Titled Tuesday intern op 23rd May Late"]
[Site "Chess.com INT"]
[Date "2023.05.23"]
[Round "7"]
[White "Dragomirescu, Robin Alexandru"]
[Black "Hernandez Leon, Alberto"]
[Result "1-0"]
[WhiteElo "2337"]
[BlackElo "2205"]
[PlyCount "73"]
[EventDate "2023.05.23"]
[EventType "swiss (blitz)"]
[EventRounds "11"]
[EventCountry "USA"]
[SourceTitle "EXT 2024"]
[Source "ChessBase"]
[SourceDate "2023.10.10"]
[SourceVersion "1"]
[SourceVersionDate "2023.10.10"]
[SourceQuality "1"]

1. b3 d5 2. Bb2 Bg4 3. f3 Bh5 4. Nh3 f6 5. Nf4 Bf7 6. d4 c5 7. e4 dxe4 8. d5 a6 9. fxe4 g5 10. Ne2 Nd7 11. Ng3 Nh6 12. Nd2 Bg7 13. Be2 0-0 14. 0-0 Bg6 15. c4 Nf7 16. Nf5 Nde5 17. h4 h6 18. h5 Bxf5 19. Rxf5 Nd6 20. Rf2 f5 21. exf5 Nxf5 22. Ne4 Ne3 23. Qd2 Rxf2 24. Nxf2 Nf5 25. Rf1 Ng3 26. Re1 Qd6 27. Qe3 Nf5 28. Qh3 Nd4 29. Bxd4 cxd4 30. Ne4 Qd7 31. Qxd7 Nxd7 32. Bg4 Nf6 33. Nxf6+ Bxf6 34. c5 Rd8 35. c6 bxc6 36. dxc6 e6 37. c7 1-0

[Event "Titled Tuesday intern op 23rd May Late"]
[Site "Chess.com INT"]
[Date "2023.05.23"]
[Round "6"]
[White "Hernandez Leon, Alberto"]
[Black "Baghdasaryan, Vahe"]
[Result "0-1"]
[WhiteElo "2205"]
[BlackElo "2257"]
[PlyCount "120"]
[EventDate "2023.05.23"]
[EventType "swiss (blitz)"]
[EventRounds "11"]
[EventCountry "USA"]
[SourceTitle "EXT 2024"]
[Source "ChessBase"]
[SourceDate "2023.10.10"]
[SourceVersion "1"]
[SourceVersionDate "2023.10.10"]
[SourceQuality "1"]

1. d4 d5 2. c4 c6 3. Nf3 Nf6 4. e3 Bf5 5. Nc3 e6 6. Nh4 Be4 7. f3 Bg6 8. Qb3 Qc7 9. Bd2 Be7 10. Nxg6 hxg6 11. 0-0-0 dxc4 12. Bxc4 b5 13. Bd3 a6 14. g3 c5 15. dxc5 Nbd7 16. Kb1 Nxc5 17. Qc2 Nxd3 18. Qxd3 0-0 19. e4 Rfd8 20. Qe3 Rac8 21. Rc1 Qd7 22. Rhd1 b4 23. Ne2 a5 24. Rxc8 Qxc8 25. Rc1 Qb7 26. Nd4 Rc8 27. Rxc8+ Qxc8 28. Qe1 Qc4 29. Be3 Nd7 30. Qe2 Qc7 31. Qc2 Qd6 32. Qc6 Ne5 33. Qxd6 Bxd6 34. Bf4 Kf8 35. Kc2 Ke8 36. Kb3 Kd7 37. Ka4 Nd3 38. Bxd6 Kxd6 39. b3 Ne1 40. Kxa5 Kc5 41. Nb5 Nxf3 42. Nc7 Nd2 43. Na6+ Kd4 44. Nxb4 Nxe4 45. Nc6+ Kc5 46. Nd8 Nd6 47. b4+ Kc4 48. a4 e5 49. b5 e4 50. b6 e3 51. Nxf7 Nb7+ 52. Ka6 e2 53. Kxb7 e1Q 54. Nd6+ Kc5 55. Kc7 Qe7+ 56. Kc8 Qxd6 57. b7 Qc6+ 58. Kb8 Kb6 59. a5+ Ka6 60. g4 Qxb7# 0-1

[Event "Titled Tuesday intern op 21st Mar Early"]
[Site "Chess.com INT"]
[Date "2023.03.21"]
[Round "6"]
[White "Do Nascimento, Christian Almeida"]
[Black "Hernandez Leon, Alberto"]
[Result "1-0"]
[WhiteElo "2116"]
[BlackElo "2222"]
[PlyCount "141"]
[EventDate "2023.03.21"]
[EventType "swiss (blitz)"]
[EventRounds "11"]
[EventCountry "USA"]
[SourceTitle "EXT 2024"]
[Source "ChessBase"]
[SourceDate "2023.10.10"]
[SourceVersion "1"]
[SourceVersionDate "2023.10.10"]
[SourceQuality "1"]

1. e4 e5 2. Bc4 Nf6 3. Nc3 Nc6 4. d3 Be7 5. f4 exf4 6. Bxf4 d6 7. Nf3 0-0 8. 0-0 Na5 9. Qe1 Nxc4 10. dxc4 Be6 11. b3 Nd7 12. Rd1 Bf6 13. e5 dxe5 14. Nxe5 Qe8 15. Nxd7 Bxd7 16. Nd5 Qxe1 17. Rfxe1 Bf5 18. Nxf6+ gxf6 19. Bxc7 Bxc2 20. Rd2 Bg6 21. Re7 Rfe8 22. Rdd7 Bf5 23. Rxe8+ Rxe8 24. Rd2 Re1+ 25. Kf2 Ra1 26. Bb8 a6 27. Rb2 Rb1 28. Rxb1 Bxb1 29. a3 Ba2 30. b4 Bxc4 31. Ke3 Kf8 32. Bf4 Ke7 33. Kd4 Bf1 34. g3 Ke6 35. Ke4 Bg2+ 36. Kd4 Kf5 37. h4 Kg4 38. Kc5 Kf5 39. Kd6 Kg6 40. Bd2 f5 41. Bf4 Kg7 42. Be5+ Kf8 43. Bf6 Ke8 44. Ke5 Be4 45. g4 Bb1 46. g5 Kd7 47. h5 Bc2 48. h6 Bb1 49. Bg7 Ke7 50. a4 f4 51. Kxf4 Bg6 52. Ke5 Kd7 53. Bf8 Kc6 54. Bc5 b6 55. Be3 a5 56. b5+ Kc7 57. Kf6 Bc2 58. Kg7 Bd3 59. Bd4 Bg6 60. Be3 Kb7 61. Kf6 Kc7 62. Ke7 Kb7 63. Bf4 Bc2 64. Kxf7 Bxa4 65. g6 Bb3+ 66. Kg7 Bc2 67. gxh7 Bxh7 68. Kxh7 a4 69. Kg7 a3 70. Be5 a2 71. h7 1-0

[Event "Titled Tuesday intern op 21st Mar Early"]
[Site "Chess.com INT"]
[Date "2023.03.21"]
[Round "3"]
[White "Vlassov, Nikolai"]
[Black "Hernandez Leon, Alberto"]
[Result "1-0"]
[WhiteElo "2283"]
[BlackElo "2222"]
[PlyCount "71"]
[EventDate "2023.03.21"]
[EventType "swiss (blitz)"]
[EventRounds "11"]
[EventCountry "USA"]
[SourceTitle "EXT 2024"]
[Source "ChessBase"]
[SourceDate "2023.10.10"]
[SourceVersion "1"]
[SourceVersionDate "2023.10.10"]
[SourceQuality "1"]

1. e4 e5 2. Bc4 Nf6 3. d3 c6 4. Nf3 d5 5. Bb3 Nbd7 6. Nc3 Bb4 7. 0-0 Bxc3 8. bxc3 0-0 9. exd5 Nxd5 10. Bd2 Qf6 11. Re1 Re8 12. Ng5 h6 13. Ne4 Qg6 14. Qf3 N7f6 15. Nd6 Bg4 16. Qg3 Nh5 17. Qh4 Bf3 18. Qh3 Bxg2 19. Qxg2 Qxd6 20. Kh1 Nhf4 21. Qf3 Re6 22. c4 Nf6 23. c5 Qd4 24. Bxf4 exf4 25. Bxe6 fxe6 26. Rab1 e5 27. Rxb7 Qxc5 28. Rg1 g5 29. h4 g4 30. Rxg4+ Kh8 31. Rg6 Qd5 32. Rxh6+ Kg8 33. Qxd5+ Nxd5 34. Rxc6 Rd8 35. Rxa7 e4 36. dxe4 1-0

[Event "ESP-chT CECLUB Div2"]
[Site "Linares"]
[Date "2022.08.22"]
[Round "1.1"]
[White "Hernandez Leon, Alberto"]
[Black "Grigoryan, Karen H"]
[Result "0-1"]
[WhiteElo "2247"]
[BlackElo "2631"]
[PlyCount "64"]
[EventDate "2022.08.22"]
[EventType "team-swiss"]
[EventRounds "7"]
[EventCountry "ESP"]
[SourceTitle "CBM 209 Extra"]
[Source "ChessBase"]
[SourceDate "2022.09.30"]
[SourceVersion "1"]
[SourceVersionDate "2022.09.30"]
[SourceQuality "1"]
[WhiteTeam "Todoque Isla Bonita"]
[BlackTeam "Naxfor Benalmadena"]
[WhiteTeamCountry "ESP"]
[BlackTeamCountry "ESP"]

1. d4 g6 2. e4 Bg7 3. Nc3 d6 4. g3 c6 5. a4 a5 6. Bg2 Qc7 7. h3 Nf6 8. Nge2 0-0 9. 0-0 e5 10. Be3 Na6 11. g4 Re8 12. Ng3 Nb4 13. g5 Nd7 14. Nce2 Nb6 15. c3 Na6 16. Qb3 exd4 17. Bxd4 Bxd4 18. Nxd4 Nc5 19. Qc2 d5 20. Rae1 Bd7 21. f4 Ncxa4 22. e5 c5 23. Nf3 c4 24. f5 Nc5 25. Re3 Nd3 26. e6 fxe6 27. fxg6 Qxg3 28. gxh7+ Kg7 29. Rxd3 cxd3 30. Qxd3 e5 31. c4 Bxh3 32. Rf2 Rf8 0-1

[Event "Lorca op 10th"]
[Site "Lorca"]
[Date "2021.12.28"]
[Round "4"]
[White "Hernandez Leon, Alberto"]
[Black "Pranesh, M."]
[Result "0-1"]
[WhiteElo "2235"]
[BlackElo "2437"]
[PlyCount "89"]
[EventDate "2021.12.26"]
[EventType "swiss"]
[EventRounds "9"]
[EventCountry "ESP"]
[SourceTitle "CBM 205 Extra"]
[Source "ChessBase"]
[SourceDate "2022.01.31"]
[SourceVersion "1"]
[SourceVersionDate "2022.01.31"]
[SourceQuality "1"]

1. d4 Nf6 2. Nf3 d5 3. c4 dxc4 4. e3 a6 5. a4 Bg4 6. Bxc4 e6 7. Nc3 Nc6 8. Be2 Bb4 9. 0-0 0-0 10. h3 Bh5 11. Qb3 Qe7 12. Rd1 Rfd8 13. Bd2 Na5 14. Qa2 c5 15. dxc5 Qxc5 16. Be1 h6 17. Rac1 Rxd1 18. Rxd1 Rc8 19. Nd4 Bg6 20. Nb3 Qb6 21. Nxa5 Qxa5 22. Bd3 Bh5 23. Rc1 Qe5 24. Qb1 Bd6 25. g3 Bf3 26. Ne2 Rd8 27. Nd4 Bd5 28. Bc4 Bxc4 29. Rxc4 Bc5 30. Bb4 Bxb4 31. Rxb4 Qh5 32. Kg2 Nd5 33. g4 Qe5 34. Nf3 Qc7 35. Rd4 Rc8 36. Qd1 Qb6 37. Qd2 Qb3 38. Ne1 g5 39. h4 Kg7 40. h5 b6 41. Re4 a5 42. Rd4 Nf6 43. Kg3 e5 44. Qd3 Qe6 45. Rd6 0-1

[Event "Lorca op 10th"]
[Site "Lorca"]
[Date "2021.12.28"]
[Round "5"]
[White "Valmana Canto, Jaime"]
[Black "Hernandez Leon, Alberto"]
[Result "1-0"]
[WhiteElo "2387"]
[BlackElo "2235"]
[PlyCount "179"]
[EventDate "2021.12.26"]
[EventType "swiss"]
[EventRounds "9"]
[EventCountry "ESP"]
[SourceTitle "CBM 205 Extra"]
[Source "ChessBase"]
[SourceDate "2022.01.31"]
[SourceVersion "1"]
[SourceVersionDate "2022.01.31"]
[SourceQuality "1"]

1. e4 e5 2. Nf3 Nc6 3. Bb5 a6 4. Bxc6 dxc6 5. 0-0 Bg4 6. h3 h5 7. d3 Qf6 8. Nbd2 Ne7 9. Nc4 Bxf3 10. Qxf3 Qxf3 11. gxf3 Ng6 12. Rd1 Be7 13. Kf1 b6 14. Ke2 f6 15. Rg1 Kf7 16. Be3 Rad8 17. Rg3 Nf4+ 18. Bxf4 exf4 19. Rgg1 Rhe8 20. Rad1 c5 21. c3 Rd7 22. a3 a5 23. a4 Bf8 24. Na3 Be7 25. Nc2 Red8 26. Na3 Re8 27. Rd2 Red8 28. Ra1 Bf8 29. Nc4 Bd6 30. Kd1 Be5 31. Kc2 Bd6 32. Kb3 Be5 33. Rad1 Ke6 34. Na3 c6 35. Kc2 Kf7 36. Rg1 Ke6 37. Rdd1 Kf7 38. Rg2 Kf8 39. Rg6 Bc7 40. Rdg1 Be5 41. Rd1 Kf7 42. Rgg1 Ke6 43. Rd2 Kf7 44. Rgd1 Ke6 45. Kc1 Kf7 46. Nc2 Ke6 47. Ne1 h4 48. Nc2 g5 49. d4 cxd4 50. cxd4 Bd6 51. Rd3 Bb4 52. Nxb4 axb4 53. Kc2 f5 54. Kb3 fxe4 55. fxe4 c5 56. d5+ Ke5 57. f3 Rd6 58. Rg1 Rg6 59. Rd2 Rd7 60. Kc4 Rd8 61. Rdg2 Rdg8 62. Ra1 Ra8 63. Kd3 Ra7 64. Rc2 Ra5 65. Kc4 b5+ 66. Kxc5 b3 67. Rc3 bxa4+ 68. Kb4 Rga6 69. Rc6 a3 70. Rxa6 Rxa6 71. bxa3 b2 72. Rb1 Kd4 73. Rd1+ Ke3 74. Kc5 Rxa3 75. Rb1 Kxf3 76. e5 Ke4 77. e6 Ra5+ 78. Kc6 Rxd5 79. e7 Re5 80. Re1+ Kd4 81. Rxe5 b1Q 82. Rd5+ Ke3 83. e8Q+ Qe4 84. Qd8 Qc4+ 85. Kd6 Qa6+ 86. Ke5 Qa1+ 87. Kf5 Qb1+ 88. Kxg5 Qg1+ 89. Kf6 Qa1+ 90. Re5+ 1-0

[Event "Lorca op 10th"]
[Site "Lorca"]
[Date "2021.12.27"]
[Round "3"]
[White "Martins, David Pires Tavares"]
[Black "Hernandez Leon, Alberto"]
[Result "0-1"]
[WhiteElo "2414"]
[BlackElo "2235"]
[PlyCount "78"]
[EventDate "2021.12.26"]
[EventType "swiss"]
[EventRounds "9"]
[EventCountry "ESP"]
[SourceTitle "CBM 205 Extra"]
[Source "ChessBase"]
[SourceDate "2022.01.31"]
[SourceVersion "1"]
[SourceVersionDate "2022.01.31"]
[SourceQuality "1"]

1. d4 d5 2. Bg5 f6 3. Bf4 e6 4. c4 c5 5. e3 cxd4 6. exd4 Nc6 7. Nf3 Bd6 8. Bxd6 Qxd6 9. c5 Qd8 10. Bb5 Nge7 11. 0-0 0-0 12. Nc3 b6 13. b4 Nxb4 14. Qa4 a5 15. a3 Na6 16. c6 Nc7 17. Rac1 Nf5 18. Rfe1 Ba6 19. Bxa6 Rxa6 20. Nb5 Re8 21. Nxc7 Qxc7 22. Qb5 Raa8 23. Rxe6 Rxe6 24. Qxd5 Rae8 25. Qxf5 Qxc6 26. Rb1 Qc3 27. h4 Qxa3 28. h5 Qd6 29. Qb5 Rd8 30. h6 Qd5 31. Qa4 gxh6 32. Rc1 Kh8 33. Rc7 Rg8 34. Qc2 Qe4 35. Qc3 b5 36. Ra7 Rc6 37. Qb3 Rc1+ 38. Kh2 Qb1 39. Ng5 Rh1+ 0-1

[Event "La Roda op 47th"]
[Site "La Roda"]
[Date "2021.12.06"]
[Round "6"]
[White "Hernandez Leon, Alberto"]
[Black "Bringas Gomez, Artai"]
[Result "1/2-1/2"]
[WhiteElo "2235"]
[BlackElo "2135"]
[PlyCount "44"]
[EventDate "2021.12.04"]
[EventType "swiss"]
[EventRounds "9"]
[EventCountry "ESP"]
[SourceTitle "CBM 205 Extra"]
[Source "ChessBase"]
[SourceDate "2022.01.31"]
[SourceVersion "1"]
[SourceVersionDate "2022.01.31"]
[SourceQuality "1"]

1. d4 Nf6 2. c4 e6 3. Nf3 c5 4. d5 b5 5. Bg5 exd5 6. cxd5 h6 7. Bxf6 Qxf6 8. Qc2 d6 9. e4 a6 10. a4 b4 11. Nbd2 Nd7 12. Nc4 g6 13. a5 Be7 14. Bd3 0-0 15. 0-0 Qf4 16. Rfe1 Bb7 17. Rad1 Rad8 18. b3 Bf6 19. Re3 Bc3 20. e5 Nxe5 21. Nfxe5 dxe5 22. Rf3 Qg5 1/2-1/2

[Event "San Cristobal op 3rd"]
[Site "San Cristobal de la Laguna"]
[Date "2021.09.04"]
[Round "9"]
[White "Kurajica, Bojan"]
[Black "Hernandez Leon, Alberto"]
[Result "1-0"]
[WhiteElo "2512"]
[BlackElo "2229"]
[PlyCount "101"]
[EventDate "2021.08.28"]
[EventType "swiss"]
[EventRounds "9"]
[EventCountry "ESP"]
[SourceTitle "CBM 204 Extra"]
[Source "ChessBase"]
[SourceDate "2021.11.30"]
[SourceVersion "1"]
[SourceVersionDate "2021.11.30"]
[SourceQuality "1"]

1. Nf3 d5 2. d4 Nf6 3. c4 e6 4. Nc3 Be7 5. Bg5 h6 6. Bh4 0-0 7. cxd5 exd5 8. e3 c6 9. Qc2 Ne4 10. Bxe7 Qxe7 11. Bd3 Re8 12. 0-0 Bf5 13. a3 Nd7 14. Rab1 Nxc3 15. Qxc3 Bxd3 16. Qxd3 a5 17. Qb3 Nf6 18. a4 Ne4 19. Rfc1 Ra6 20. Qc2 Qb4 21. b3 Rb6 22. Ne5 Qd2 23. Nd3 Qxc2 24. Rxc2 Nd6 25. Kf1 Nf5 26. Rc5 Nd6 27. Rb2 Ra6 28. Rc1 Rb6 29. Ke2 Kf8 30. Kd2 Ne4+ 31. Kc2 Re6 32. f3 Nd6 33. Kd2 Nf5 34. Nc5 Re7 35. Re1 Rb4 36. Nd3 Rb6 37. Rbb1 Ke8 38. g4 Nh4 39. Ke2 Ng2 40. Rg1 Nxe3 41. Kd2 f5 42. g5 hxg5 43. Rxg5 Nc4+ 44. Kc3 Re2 45. Re1 Rxe1 46. Nxe1 Nd6 47. Rxg7 Ra6 48. Nd3 b5 49. Rg6 Ke7 50. Nc5 Rb6 51. Re6+ 1-0

[Event "San Cristobal op 3rd"]
[Site "San Cristobal de la Laguna"]
[Date "2021.08.31"]
[Round "5"]
[White "Saric, Ante"]
[Black "Hernandez Leon, Alberto"]
[Result "1-0"]
[WhiteElo "2538"]
[BlackElo "2229"]
[PlyCount "85"]
[EventDate "2021.08.28"]
[EventType "swiss"]
[EventRounds "9"]
[EventCountry "ESP"]
[SourceTitle "CBM 204 Extra"]
[Source "ChessBase"]
[SourceDate "2021.11.30"]
[SourceVersion "1"]
[SourceVersionDate "2021.11.30"]
[SourceQuality "1"]

1. d4 d5 2. c4 e6 3. Nf3 Nf6 4. Nc3 Be7 5. Bf4 0-0 6. e3 Nbd7 7. c5 Ne4 8. Bd3 g5 9. Bg3 f5 10. Bxe4 dxe4 11. Ne5 Nxe5 12. Bxe5 c6 13. f3 exf3 14. Qxf3 Bf6 15. Qg3 Bxe5 16. Qxe5 Qf6 17. h4 Qxe5 18. dxe5 Rd8 19. hxg5 b6 20. Rd1 Rxd1+ 21. Kxd1 Ba6 22. Rh6 Re8 23. cxb6 axb6 24. Ke1 Bc4 25. b3 Bd3 26. Na4 Bb1 27. Kd2 b5 28. Nc5 Ra8 29. Kc1 Be4 30. Kb2 Bd5 31. Nd7 Kg7 32. g3 b4 33. Nc5 Re8 34. Na6 Re7 35. Nxb4 Be4 36. Na6 Rd7 37. Nc5 Rd2+ 38. Ka3 Bb1 39. Nxe6+ Kf7 40. Kb4 Rxa2 41. Nf4 Rc2 42. Rxh7+ Kg8 43. Rc7 1-0

[Event "ESP-ch 86th"]
[Site "Linares"]
[Date "2021.08.24"]
[Round "9"]
[White "Galvan Cipriani, Viviana"]
[Black "Hernandez Leon, Alberto"]
[Result "1/2-1/2"]
[WhiteElo "2071"]
[BlackElo "2267"]
[PlyCount "255"]
[EventDate "2021.08.16"]
[EventType "swiss"]
[EventRounds "9"]
[EventCountry "ESP"]
[SourceTitle "CBM 204 Extra"]
[Source "ChessBase"]
[SourceDate "2021.11.30"]
[SourceVersion "1"]
[SourceVersionDate "2021.11.30"]
[SourceQuality "1"]

1. c4 g6 2. Nc3 Bg7 3. g3 e5 4. Bg2 d6 5. d3 f5 6. e4 Nc6 7. Nge2 Nf6 8. 0-0 0-0 9. exf5 Bxf5 10. a3 Qd7 11. b4 Bh3 12. Bb2 Qf5 13. f3 Bxg2 14. Kxg2 Rad8 15. Ne4 d5 16. Nxf6+ Qxf6 17. cxd5 Rxd5 18. Nc3 Rdd8 19. Ne4 Qf7 20. Nc5 b6 21. Ne4 Ne7 22. Qc2 Nf5 23. Rae1 Kh8 24. Ng5 Qd5 25. Qc4 Qxd3 26. Qxd3 Rxd3 27. Ne6 Rf7 28. Nxg7 Kxg7 29. Rxe5 Rd2+ 30. Rf2 Rxf2+ 31. Kxf2 Kf8 32. b5 Rd7 33. Bc1 Rd3 34. g4 Nd6 35. a4 Rd4 36. Bh6+ Kf7 37. Bg5 Nc8 38. Re2 Rd7 39. h4 Nd6 40. Kg3 Nb7 41. Rc2 Nc5 42. a5 Ne6 43. axb6 axb6 44. Be3 Rd5 45. Bf4 Rd7 46. Be5 Nc5 47. h5 gxh5 48. gxh5 Ke6 49. f4 Kf5 50. h6 Ne6 51. Rc6 Rf7 52. Kf3 Rf8 53. Ke3 Re8 54. Kf3 Ra8 55. Rc3 Ra5 56. Bxc7 Rxb5 57. Be5 Rd5 58. Rc8 b5 59. Rg8 b4 60. Ke3 Rb5 61. Bb2 b3 62. Rh8 Rb7 63. Re8 Rc7 64. Rb8 Re7 65. Kf3 Kg6 66. Rb6 Kf5 67. Rxb3 Rc7 68. Rb5+ Rc5 69. Rb7 Rc7 70. Rb8 Rc2 71. Be5 Rh2 72. Rb5 Rxh6 73. Bb2+ Kg6 74. f5+ Kf7 75. Rb7+ Ke8 76. fxe6 Rxe6 77. Rxh7 Re7 78. Rh6 Kd7 79. Bd4 Re6 80. Rh5 Kd6 81. Be3 Kc6 82. Ke2 Kd6 83. Kd3 Kc6 84. Bd4 Re1 85. Kc4 Rc1+ 86. Bc3 Rd1 87. Rc5+ Kd6 88. Ra5 Ke6 89. Re5+ Kd6 90. Re4 Kc6 91. Re6+ Rd6 92. Re8 Rd1 93. Bb4 Rc1+ 94. Kb3 Rb1+ 95. Kc3 Rc1+ 96. Kd2 Rh1 97. Rc8+ Kd5 98. Rd8+ Ke4 99. Re8+ Kd5 100. Bc3 Rh2+ 101. Kd3 Rh3+ 102. Kc2 Rh5 103. Kb3 Rf5 104. Rd8+ Ke4 105. Kc4 Rf7 106. Re8+ Kf3 107. Kd3 Kg4 108. Ke4 Rf4+ 109. Kd3 Rf3+ 110. Kd4 Rf4+ 111. Kd5 Rf5+ 112. Be5 Rf1 113. Rg8+ Kf3 114. Rg3+ Kf2 115. Rd3 Ke2 116. Ke4 Rd1 117. Rh3 Kd2 118. Rh2+ Kc1 119. Bd4 Kb1 120. Kd5 Rc1 121. Rb2+ Ka1 122. Rb8+ Ka2 123. Be5 Rb1 124. Ra8+ Kb3 125. Rc8 Rd1+ 126. Bd4 Rd2 127. Rb8+ Kc2 128. Kc4 1/2-1/2

[Event "ESP-ch 86th"]
[Site "Linares"]
[Date "2021.08.20"]
[Round "5"]
[White "Jimenez Fernandez, Rebeca"]
[Black "Hernandez Leon, Alberto"]
[Result "0-1"]
[WhiteElo "1951"]
[BlackElo "2267"]
[PlyCount "78"]
[EventDate "2021.08.16"]
[EventType "swiss"]
[EventRounds "9"]
[EventCountry "ESP"]
[SourceTitle "CBM 204 Extra"]
[Source "ChessBase"]
[SourceDate "2021.11.30"]
[SourceVersion "1"]
[SourceVersionDate "2021.11.30"]
[SourceQuality "1"]

1. e4 c5 2. Nf3 d6 3. d4 cxd4 4. Nxd4 e5 5. Nb3 Nf6 6. Nc3 Be7 7. Bc4 0-0 8. 0-0 Be6 9. Bd5 Bxd5 10. exd5 a5 11. f4 a4 12. Nd2 a3 13. bxa3 Qb6+ 14. Kh1 Qd4 15. Nde4 Rc8 16. fxe5 dxe5 17. Qf3 Nbd7 18. Rb1 Nxe4 19. Nxe4 Nf6 20. Nxf6+ Bxf6 21. Rxb7 Rxc2 22. Bg5 e4 23. Qf4 Rf8 24. Bxf6 Qxf6 25. Qxf6 gxf6 26. g4 Rd8 27. Rb5 Rxa2 28. Ra5 Rc8 29. d6 Rcc2 30. Re1 Rxh2+ 31. Kg1 Rhg2+ 32. Kh1 Rgd2 33. Ra6 Kg7 34. Kg1 e3 35. d7 Rxd7 36. Ra8 Rd4 37. Re8 Rxg4+ 38. Kh1 Rxa3 39. R8xe3 Rxe3 0-1